| 000 | 00910nam a2200229 i 4500 | ||
|---|---|---|---|
| 001 | 122516 | ||
| 003 | ES-MaACL | ||
| 005 | 20250809055427.0 | ||
| 007 | t| | ||
| 008 | 070214s1912 sp |||| | spa d | ||
| 100 | 1 |
_aPrins, Adolphe. _993985 |
|
| 245 | 1 | 3 |
_aLa defensa social y las transformaciones del derecho penal / _cpor A. Prins ; versión española y prólogo sobre La génesis de la defensa social de Federico Castejón y Martínez de Arizala. |
| 260 |
_aMadrid : _bHijos de Reus, _c1912. |
||
| 300 |
_a164 p. ; _c17 x 12 cm. |
||
| 490 | 1 |
_aManuales Reus de derecho ; _v11 |
|
| 500 | _aPrecede al tít.: Institutos Solvay. Trabajos del Instituto de Sociología. | ||
| 650 | 0 | 7 |
_aDerecho penal _2embne _911749 |
| 700 | 1 |
_aCastejón y Martínez de Arizala, Federico. _936466 |
|
| 830 | 0 | 0 |
_aManuales Reus de derecho _v11 _9183876 |
| 852 |
_aES-MaACL _jG-15333 |
||
| 999 |
_c122516 _d122516 |
||